Never fall down : (Record no. 121676)

MARC details
000 -LEADER
fixed length control field 01725cam a2200421 a 4500
001 - CONTROL NUMBER
control field 17166656
003 - CONTROL NUMBER IDENTIFIER
control field MaObMVR
005 - DATE AND TIME OF LATEST TRANSACTION
control field 20131023173437.0
008 - FIXED-LENGTH DATA ELEMENTS--GENERAL INFORMATION
fixed length control field 120215s2012 nyu d b 001 1 eng
010 ## - LIBRARY OF CONGRESS CONTROL NUMBER
LC control number 2011052211
020 ## - INTERNATIONAL STANDARD BOOK NUMBER
International Standard Book Number 9780061730931 (hardback)
040 ## - CATALOGING SOURCE
Original cataloging agency DLC
Transcribing agency DLC
Modifying agency DLC
042 ## - AUTHENTICATION CODE
Authentication code pcc
-- lcac
043 ## - GEOGRAPHIC AREA CODE
Geographic area code a-cb---
050 00 - LIBRARY OF CONGRESS CALL NUMBER
Classification number PZ7.M13679
Item number Nev 2012
082 00 - DEWEY DECIMAL CLASSIFICATION NUMBER
Classification number [Fic]
Edition number 23
084 ## - OTHER CLASSIFICATION NUMBER
Classification number JUV016030
-- JUV004030
-- JUV013000
Source of number bisacsh
100 1# - MAIN ENTRY--PERSONAL NAME
Personal name McCormick, Patricia,
Dates associated with a name 1956-
245 10 - TITLE STATEMENT
Title Never fall down :
Remainder of title a novel /
Statement of responsibility, etc Patricia McCormick.
250 ## - EDITION STATEMENT
Edition statement 1st ed.
260 ## - PUBLICATION, DISTRIBUTION, ETC. (IMPRINT)
Place of publication, distribution, etc New York :
Name of publisher, distributor, etc Balzer + Bray,
Date of publication, distribution, etc c2012.
300 ## - PHYSICAL DESCRIPTION
Extent 216 p. ;
Dimensions 22 cm.
500 ## - GENERAL NOTE
General note "This is a work of fiction based on a true story."--Copyright p.
504 ## - BIBLIOGRAPHY, ETC. NOTE
Bibliography, etc Includes bibliographical references and index.
520 ## - SUMMARY, ETC.
Summary, etc "Cambodian child soldier Arn Chorn-Pond defied the odds and used all of his courage and wits to survive the murderous regime of the Khmer Rouge"--
610 21 - SUBJECT ADDED ENTRY--CORPORATE NAME
Corporate name or jurisdiction name as entry element Party of Democratic Kampuchea
Form subdivision Fiction.
650 #1 - SUBJECT ADDED ENTRY--TOPICAL TERM
Topical term or geographic name as entry element Soldiers
Form subdivision Fiction.
650 #1 - SUBJECT ADDED ENTRY--TOPICAL TERM
Topical term or geographic name as entry element Genocide
Form subdivision Fiction.
650 #7 - SUBJECT ADDED ENTRY--TOPICAL TERM
Topical term or geographic name as entry element JUVENILE FICTION / Historical / Asia.
Source of heading or term bisacsh
650 #7 - SUBJECT ADDED ENTRY--TOPICAL TERM
Topical term or geographic name as entry element JUVENILE FICTION / Biographical / Other.
Source of heading or term bisacsh
650 #7 - SUBJECT ADDED ENTRY--TOPICAL TERM
Topical term or geographic name as entry element JUVENILE FICTION / Family / General (see also headings under Social Issues).
Source of heading or term bisacsh
651 #0 - SUBJECT ADDED ENTRY--GEOGRAPHIC NAME
Geographic name Cambodia
General subdivision History
Chronological subdivision 1975-1979
Form subdivision Juvenile fiction.
651 #1 - SUBJECT ADDED ENTRY--GEOGRAPHIC NAME
Geographic name Cambodia
General subdivision History
Chronological subdivision 1975-1979
Form subdivision Fiction.
856 42 - ELECTRONIC LOCATION AND ACCESS
Materials specified Cover image
Uniform Resource Identifier <a href="www.harpercollins.com/harperimages/isbn/tiff/1/9780061730931.tif">www.harpercollins.com/harperimages/isbn/tiff/1/9780061730931.tif</a>
906 ## - LOCAL DATA ELEMENT F, LDF (RLIN)
a 7
b cbc
c orignew
d 1
e ecip
f 20
g y-gencatlg
942 ## - ADDED ENTRY ELEMENTS (KOHA)
Source of classification or shelving scheme Dewey Decimal Classification
Koha item type Reference
Holdings
Withdrawn status Lost status Damaged status Not for loan Home library Current library Shelving location Date acquired Total Checkouts Full call number Barcode Date last seen Date checked out Price effective from Koha item type
  Available     Martha's Vineyard High School Library Martha's Vineyard High School Library HISTORICAL FICTION 07/22/2013 8 YA/FIC/McCormick 39844500011537 02/05/2026 12/01/2025 07/22/2013 Book